000 00949cam a2200253 4500
001 WB3720-16
008 000000n2001 000 0 eng u
035 _a(Sirsi) u112716
245 _aScottish house prices rise
260 _c2001
490 _aScotsman
_v21 May 2001, 23(1)
520 _aHouse prices in Scotland have risen 7% on the same period last year despite a 2.4% fall over the last 3 months, according to Lloyds TSB. The survey has revealed that the number of households is expected to rise by 12%, with single person households rising from 32% to 38% of the total by 2012.
590 _aWB
650 _aHOUSE PRICES
650 _aHOUSEHOLDS
650 _aHOUSING MARKET
650 _aHOUSING SURVEYS
650 _aONE PERSON HOUSEHOLDS
650 _aSCOTLAND
650 _aSINGLE HOUSEHOLDS
650 _aSINGLE PERSON HOUSEHOLDS
690 _aPROPERTY-RESIDENTIAL PROPERTY-RESIDENTIAL PROPERTY MARKET
942 _n0
999 _c67107
_d67107